| 000 | 00890nam a22002057a 4500 | ||
|---|---|---|---|
| 005 | 20241128110207.0 | ||
| 010 | _aENG-142699 | ||
| 020 |
_c735.00 _a9789361598623 |
||
| 035 | _aEN-126231 | ||
| 037 | _bDBAD | ||
| 082 |
_a000 _26 |
||
| 100 |
_aSinha, Nishit K. _974182 |
||
| 245 |
_aVerbal Ability and Reading Comprehension for CAT/ _cBy Nishit K. Sinha |
||
| 250 | _a6 | ||
| 260 |
_aUttar Pradesh _bPearson India Education Pvt Ltd _c2025 |
||
| 270 |
_bUttar Pradesh _a1st FLoor, Berger Tower, Plot No. C-001A/2, Sector-16B, Noida _e201301 |
||
| 300 |
_avpp. _c25cm(pb) _bIndex |
||
| 500 | _a Useful for MBA Entrance Examinations like SNAP, XAT, IIFT | Includes So... Verbal Ability and Reading Comprehension for CAT | Useful for MBA Entrance Examinations like SNAP, XAT, IIFT | Includes Solutions and Explanations of CAT 2023 Paper: | ||
| 942 |
_2ddc _cEN _h000 _mSIN _e6 |
||
| 999 |
_c207109 _d207109 |
||